000 01549cad a22002175a 4500
001 L154685
008 120112e20100709xxk f 000 0 eng d
035 _a(Sirsi) u154685
041 0 _aeng
245 0 0 _aAirways Aero Associations Limited v Wycombe District Council
_h[electronic resource]
260 _c2010
520 _a[2010] EWHC 1654 (Ch), 9 July 2010. Claimant company A had leased a small civil airport from Defendant local authority W. The court was required to determine, as preliminary issues, matters arising from the operation of a rent review clause in a commercial lease. "Held": The court declined to make the declaration as to the construction of the lease sought by A. The starting point in considering a rent review clause in a commercial lease was an assumption that the rental value was to be that of the whole of the demised premises as they existed at the review date. On its proper construction this lease for a civil airport did not show with sufficient clarity any intention to depart from that position. For related proceedings see Airways Aero Associations Ltd v Wycombe District Council [2010]EWHC 1774 (Ch) (not on www.bailii.org).
590 _aKA
650 2 4 _aAIRWAYS AERO ASSOCIATIONS LTD v WYCOMBE DC
650 2 4 _aPONSFORD V HMS AEROSOLS LTD
651 4 _aEngland and Wales
_y1543-
690 _aCommercial property
_96227
690 _aLandlord and tenant
_96252
856 4 0 _uhttps://www.bailii.org/ew/cases/EWHC/Ch/2010/1654.html
_zView the law report free of charge at www.bailii.org
942 _n0
999 _c113104
_d113104